书目信息 |
| 书名: | The adventures of sherlock holmes | |
| 作者: | Arthur Conan Doyle | |
| 分册号: | ||
| 分册名: | 出版地: | Penguin books |
|
| 出版社: | Great britain | |
| 出版时间: | 1994 | |
| 页数: | 302p | |
| 开本: | 20cm | |
| 丛书名: | ||
| 中图分类号: | ||
| 科图分类号: | ||
| 其他分类号: | I561.45 | |
| 主题词: | ||
| 电子资源: | ||
| 000 | 00413nam0 2200145 450 | |
| 001 | 202012195027 | |
| 005 | 20121114110021.0 | |
| 008 | 20010101s | |
| 020 | @a978-0-140-62100-6@c$2.00 | |
| 099 | @dI561.45@eA7883 | |
| 245 | 10 | @aThe adventures of sherlock holmes@cArthur Conan Doyle |
| 260 | 0 | @aPenguin books@bGreat britain@c1994 |
| 300 | @a302p@c20cm | |
| 905 | @b11356 | |
| 905 | @aTSG@dI561.45@eA7883 | |
| The adventures of sherlock holmes / Arthur Conan Doyle.-Penguin books : Great britain , 1994 |
| 302p ; 20cm |
| ISBN 978-0-140-62100-6$2.00 |
| ● |
| 相关链接 |
|
|
|
正题名:The adventures of sherlock holmes
索取号:I561.45/A7883
 
预约/预借
| 序号 | 登录号 | 条形码 | 馆藏地/架位号 | 状态 | 备注 |
| 1 | 11356 | 300113561 | 文学库116/400A自科库 17排2列4层/ [索取号:I561.45/A7883] | 在馆 |